Music Quiz

Random Music or Album Quiz

Album Covers Quiz Stats

 Plays Quiz Updated Sep 18, 2013

Support Sporcle.
Go Orange.
Score 0/20 Timer 06:00
2 Plays Today
Album % Correct
The Dark Side of the Moon
84.6%
Abbey Road
84.1%
Nevermind
71%
Bat out of Hell
67.9%
Born in the U.S.A
67.9%
Like a Virgin
47.5%
Master of Puppets
45.2%
OK Computer
39.1%
Houses of the Holy
38.6%
Graceland
38.3%
Album % Correct
Sticky Fingers
33.7%
The College Dropout
32.2%
Licensed to Ill
29.1%
Blonde on Blonde
28.2%
Diamond Dogs
23.3%
Achtung Baby
20.7%
Bitches Brew
19.1%
Ready to Die
17.4%
Violator
10.6%
Post
10%

You're not logged in!

Compare scores with friends on all Sporcle quizzes.
OR
Log In

From the Vault

Name the London Premier League Teams

by eyes355

What's the goal here? Naming teams, of course.
Remove Ads.
Support Sporcle.
Get the best of Sporcle when you Go Orange. This ad-free experience offers more features, more stats, and more fun while also helping to support Sporcle. Thank you for becoming a member.

Show Comments

Extras

Top Quizzes Today


Score Distribution

Your Account Isn't Verified!

In order to create a playlist on Sporcle, you need to verify the email address you used during registration. Go to your Sporcle Settings to finish the process.

Report this User

Report this user for behavior that violates our Community Guidelines.

Details: